000
00270nam a2200109Ia 4500
008
190216s9999||||xx |||||||||||||| ||und||
100
_a
Marie Corelli
245
4
_a
The Murder Of Delicia
260
_b
Wilco Publishing House
_c
1965
650
_a
English Novel
942
_c
BK
999
_c
12398
_d
12398